|
|
|
|
| LEADER |
00000nam0a2200000 4500 |
| 001 |
292328 |
| 005 |
20231102000502.0 |
| 035 |
|
|
|a (RuTPU)RU\TPU\book\316943
|
| 090 |
|
|
|a 292328
|
| 100 |
|
|
|a 20150421d1976 m y0rusy50 ca
|
| 101 |
0 |
|
|a rus
|
| 102 |
|
|
|a RU
|
| 105 |
|
|
|a a j 001zy
|
| 200 |
1 |
|
|a Прикладная механика. Электрогидропневмоавтоматика
|e сборник упражнений
|e учебное пособие для вузов
|f А. А. Денисов, Е. А. Строганова
|g Ленинградский политехнический институт им. М. И. Калинина (ЛПИ)
|
| 210 |
|
|
|a Ленинград
|c Изд-во ЛПИ
|d 1976
|
| 215 |
|
|
|a 52 с.
|c ил.
|
| 320 |
|
|
|a Библиогр.: с. 47.
|
| 606 |
1 |
|
|a Прикладная механика
|2 stltpush
|3 (RuTPU)RU\TPU\subj\51670
|9 70243
|
| 606 |
1 |
|
|a Электрогидропневмоавтоматика
|2 stltpush
|3 (RuTPU)RU\TPU\subj\19792
|9 44961
|
| 610 |
1 |
|
|a соединительные трубопроводы
|
| 610 |
1 |
|
|a питание
|
| 610 |
1 |
|
|a распределение
|
| 610 |
1 |
|
|a насосы
|
| 610 |
1 |
|
|a гидравлические усилители
|
| 610 |
1 |
|
|a задачи
|
| 610 |
1 |
|
|a учебные пособия
|
| 610 |
1 |
|
|a устройства
|
| 675 |
|
|
|a 621.01:531(076)
|v 3
|
| 675 |
|
|
|a 681.527.3(076)
|v 3
|
| 700 |
|
1 |
|a Денисов
|b А. А.
|g Анатолий Алексеевич
|
| 701 |
|
1 |
|a Строганова
|b Е. А.
|g Екатерина Алексеевна
|
| 712 |
0 |
2 |
|a Ленинградский политехнический институт им. М. И. Калинина (ЛПИ)
|c (1924-1930, 1940-1990)
|2 stltpush
|3 (RuTPU)RU\TPU\col\2601
|
| 801 |
|
1 |
|a RU
|b 63413507
|c 20150421
|
| 801 |
|
2 |
|a RU
|b 63413507
|c 20220201
|g RCR
|
| 942 |
|
|
|c BK
|